• 首页
  • 本馆介绍
  • 公告通知
  • 最新文献
  • 馆藏检索
  • 电子资源
  • 读者导购
  • 参考咨询
  • 我的图书馆
  • 登录
  • 详细信息显示
  • 放入我的书架
  • 预约/预借图书
  • 作者相关作品
  • 分类相关作品
  • 丛书相关作品
  • 出版社相关作品

书目信息

  • 表格格式
  • 工作单格式
  • 卡片格式
题名:
滥用外交豁免权丑闻录
    
 
作者: 阿什曼 著 ;戴树乔 , 江山 , 孙建龙 译
分册:  
出版信息: 北京   世界知识出版社  1990.06
页数: 250页
开本: 19cm
丛书名:
单 册:
中图分类: D803
科图分类:
主题词: 外交特权
电子资源:
ISBN: 7-5012-0266-4
000 00725nam0 2200229 45
001 0404281723
005 20060726081637.20
010    @a7-5012-0266-4@dCNY3.30
100    @a20040428d1990 km y0chiy0120 ea
101 0  @achi
105    @a z 000yy
200 1  @a滥用外交豁免权丑闻录@ALan Yong Wai Jiao Huo Mian Quan Chou Wen Lu@f(美)查克·阿什曼等著@F(Mei)Cha Ke·A Shen Man Deng Zhu@g戴树乔,江山,孙建龙译
210    @a北京@c世界知识出版社@d1990.06
215    @a250页@d19cm
606 0  @a外交特权
690    @aD803@v3
701  0 @a阿什曼@4著
702  0 @a戴树乔@ADai Shu Qiao@4译
702  0 @a江山@AJiang Shan@4译
702  0 @a孙建龙@ASun Jian Long@4译
801    @aCN@bPftUser@c20060726
905    @dD803@e17@b241991@f1
    
    滥用外交豁免权丑闻录/(美)查克·阿什曼等著/戴树乔,江山,孙建龙译.-北京:世界知识出版社,1990.06
    250页;19cm
    
    
    ISBN 7-5012-0266-4:CNY3.30
    
●
相关链接 在E读中查询图书 在五车中查询图书 在当当中查询图书 在豆瓣中查询图书


正题名:滥用外交豁免权丑闻录     索取号:D803/17         预约/预借

序号 登录号 条形码 馆藏地/架位号 状态 备注
1 0241991   002008311   密集书库/ [索取号:D803/17] 在馆    
2 0241992   001016830   第一借阅区/ [索取号:D803/17] 在馆    
3 0241993   001016867   密集书库/ [索取号:D803/17] 在馆    
4 0241994   001016858   密集书库/ [索取号:D803/17] 在馆    
唐山师范学院图书馆 欢迎您!
大连网信软件有限公司© 版权所有